GUIA PARA LA PEQUEÑA EMPRESA (Registro nro. 15000)
[ vista simple ]
| 000 -LEADER | |
|---|---|
| fixed length control field | 00585nam a2200217 a 4500 |
| 001 - CONTROL NUMBER | |
| control field | 15000 |
| 005 - DATE AND TIME OF LATEST TRANSACTION | |
| control field | 20180713203553.0 |
| 008 - FIXED-LENGTH DATA ELEMENTS--GENERAL INFORMATION | |
| fixed length control field | 140415s1988 mx 000 0 spa d |
| 020 ## - INTERNATIONAL STANDARD BOOK NUMBER | |
| International Standard Book Number | 9686642536 |
| 041 ## - LANGUAGE CODE | |
| Language code of text/sound track or separate title | spa |
| 082 ## - DEWEY DECIMAL CLASSIFICATION NUMBER | |
| Classification number | 338.642 |
| Item number | HUL |
| 100 1# - MAIN ENTRY--PERSONAL NAME | |
| Personal name | HULL, GALEN SPENCER |
| 245 10 - TITLE STATEMENT | |
| Title | GUIA PARA LA PEQUEÑA EMPRESA |
| 250 ## - EDITION STATEMENT | |
| Edition statement | 1a ed. |
| 260 ## - PUBLICATION, DISTRIBUTION, ETC. | |
| Place of publication, distribution, etc. | MEXICO : |
| Name of publisher, distributor, etc. | GERNIKA, |
| Date of publication, distribution, etc. | 1988 |
| 300 ## - PHYSICAL DESCRIPTION | |
| Extent | 195 |
| 490 ## - SERIES STATEMENT | |
| Series statement | ECONOMIA |
| Volume/sequential designation | 7 |
| 650 14 - SUBJECT ADDED ENTRY--TOPICAL TERM | |
| Topical term or geographic name entry element | ECONOMIA DE ESCALA |
| General subdivision | PEQUEA INDUSTRIA |
| 700 1# - ADDED ENTRY--PERSONAL NAME | |
| Personal name | IBARROLA JIMENEZ, JAVIER |
| Relator term | tr. |
| 740 ## - ADDED ENTRY--UNCONTROLLED RELATED/ANALYTICAL TITLE | |
| Uncontrolled related/analytical title | A SMALL BUSINESS AGENDA |
| Withdrawn status | Lost status | Source of classification or shelving scheme | Damaged status | Not for loan | Collection code | Home library | Current library | Shelving location | Date acquired | Source of acquisition | Inventory number | Total Checkouts | Full call number | Barcode | Date last seen | Price effective from | Koha item type |
|---|---|---|---|---|---|---|---|---|---|---|---|---|---|---|---|---|---|
| Dewey Decimal Classification | General | Biblioteca Karol Wojtyla | Biblioteca Karol Wojtyla | Sala general | 03/12/2013 | Compra | 151000000000000000051625 | 338.642 HUL | 32425 | 05/01/2026 | 03/12/2013 | Libro |